000 00224nam a2200097Ia 4500
005 20251222114411.0
008 251222s1900||||xx |||||||||||||| ||spa||
082 _aDVD0192/S66/2002
245 0 _aSeminario de ética
942 _cDVD
999 _c2037
_d2037